Tháng tư hạ về : Tập thơ

Bewaard in:
Bibliografische gegevens
Hoofdauteur: Nguyễn, Chí Văn
Formaat: Boek
Taal:Undetermined
Gepubliceerd in: Cần Thơ Đại học Cần Thơ 2018
Onderwerpen:
Tags: Voeg label toe
Geen labels, Wees de eerste die dit record labelt!
Thư viện lưu trữ: Trung tâm Học liệu Trường Đại học Cần Thơ
LEADER 00574nam a2200205Ia 4500
001 CTU_229471
008 210402s9999 xx 000 0 und d
020 |c 68000 
082 |a 895.9221 
082 |b V115 
100 |a Nguyễn, Chí Văn 
245 0 |a Tháng tư hạ về : 
245 0 |b Tập thơ 
245 0 |c Nguyễn Chí Văn 
260 |a Cần Thơ 
260 |b Đại học Cần Thơ 
260 |c 2018 
650 |a Thơ Việt Nam,Vietnamese poetry 
910 |b nthai 
980 |a Trung tâm Học liệu Trường Đại học Cần Thơ